International hybrid rice training course

Kaydedildi:
Detaylı Bibliyografya
Materyal Türü: Kitap
Dil:Undetermined
Baskı/Yayın Bilgisi: China Human hybrid rice research center 1995
Konular:
Etiketler: Etiketle
Etiket eklenmemiş, İlk siz ekleyin!
Thư viện lưu trữ: Trung tâm Học liệu Trường Đại học Cần Thơ
LEADER 00522nam a2200181Ia 4500
001 CTU_122861
008 210402s9999 xx 000 0 und d
082 |a 633.18 
082 |b I.61 
245 0 |a International hybrid rice training course 
245 0 |c [Human hybrid rice research center] 
260 |a China 
260 |b Human hybrid rice research center 
260 |c 1995 
650 |a Field crops,Rice 
650 |x Research 
904 |i Hiếu, H.Mai 
980 |a Trung tâm Học liệu Trường Đại học Cần Thơ